000 00850nas a2200289 4500
001 BR9703080
003 BR-BrBNA
005 20231205100244.0
007 ta
008 230509b bl.|||p| |||| 00| 00por d
040 _aBR-BrBNA
_bpor
_cBiblioteca Nacional de Agricultura
041 _a(Pt)
072 _aF04
100 1 _aBrancher, A.
100 1 _aCamargo, F.A. de O.
100 1 _aSantos, G. de A.
245 1 _aEfeito da adubacao organica, mineral e calagem no acumulo de ferro pelo arroz irrigado
650 _aArroz Irrigado
650 _aADUBO ORGÂNICO
650 _aCalagem
650 _aFertilizante
650 _aFerro
650 _aAdubacao
773 0 _tPesquisa Agropecuaria Gaucha (Brazil)
_xISSN 0104-9070
_g(1996), v. 2(1) p. 101-106
_wBR9703080
909 _a202311
_bLúcia
_c55
_dLúcia Elande
942 _2AGRIS
_n0
_cANA
999 _c154965
_d154965